Normal view
MARC view
- C.H.KUNHAPPA
Entry Personal Name
001 - CONTROL NUMBER
- control field: 4645
003 - CONTROL NUMBER IDENTIFIER
- control field: OSt
005 - DATE AND TIME OF LATEST TRANSACTION
- control field: 20200626122449.0
008 - FIXED-LENGTH DATA ELEMENTS
- fixed length control field: 200626|| aca||aabn | a|a d
040 ## - CATALOGING SOURCE
- Original cataloging agency: OSt
- Transcribing agency: OSt
100 ## - HEADING--PERSONAL NAME
- Personal name: C.H.KUNHAPPA
670 ## - SOURCE DATA FOUND
- Source citation: Work cat.: (OSt): C.H.KUNHAPPA, ഇന്ത്യയെ കണ്ടെത്തല്
